000
00281nam a22001217a 4500
020
_a
0-8357-1384-9
082
_a
004 MER'S
100
_a
MERKLE, R.C
_9
74114
245
_a
SECRECY AUTHENTICATION AND PUBLIC KEY SYSTEMS
260
_a
USA
_b
UMI
_c
1982
300
_a
104P
942
_c
BK
999
_c
579687
_d
579687